| 000 | 01032nam a2200265 a 4500 | ||
|---|---|---|---|
| 001 | BRL_1350 | ||
| 005 | 20190320211148.0 | ||
| 008 | 080114s1973----u--ao#####---#000-0#eng-# | ||
| 041 | _aeng | ||
| 044 | _au | ||
| 050 | 4 |
_aTS1306.U452 _b.B58 1973 |
|
| 245 | 1 | 0 |
_aBlue traditions _bindigo dyed textiles and related cobalt glazed ceramics from the 17th through 19th century _cIntroduction and commentary by Dena S. Katzenberg. |
| 260 |
_aBaltimore, Maryland _bThe Baltimore Museum of Art _c1973 |
||
| 300 |
_ax, 203 p. _bil. _c28 cm. |
||
| 500 | _aAu1592 | ||
| 500 | _aCatálogo de la exposición realizada en The Baltimore Museum of Art del 4 december 1973 - 20 january 1974 | ||
| 504 | _aBibliografía: p. 199-203 | ||
| 650 | 1 | 4 |
_aTelas _vExposiciones _ySiglos XVII y XIX _926609 |
| 650 | 1 | 4 |
_aTextiles _vExposiciones _ySiglos XVII y XIX _926610 |
| 650 | 1 | 4 |
_aIndigo _vExposiciones _ySiglos XVII y XIX _926611 |
| 700 | 1 |
_aKatzenberg, Dena S. _926612 |
|
| 710 | 2 |
_aBaltimore Museum of Art _926613 |
|
| 902 | _aGRL | ||
| 942 |
_2lcc _cB |
||
| 999 |
_c10162 _d10162 |
||